TOEFL reading flash 2002 /

Types of reading comprehension questions; Reading comprehension practice tests.

Đã lưu trong:
Chi tiết về thư mục
Tác giả chính: Broukal, Milada.
Tác giả khác: Lê Huy Lâm (giới thiệu và chú giải.)
Định dạng: Sách
Ngôn ngữ:English
Vietnamese
Được phát hành: Tp.HCM : Nxb Tp.HCM, 2004.
Loạt:Tài liệu luyện thi TOEFL.
Những chủ đề:
Các nhãn: Thêm thẻ
Không có thẻ, Là người đầu tiên thẻ bản ghi này!
Thư viện lưu trữ: Mạng thư viện Đại học Đà Nẵng
LEADER 01328nam a2200397 a 4500
001 000041547
003 18540
005 20201102103239.0
008 171030s2004
020 |c 18000 
040 |a LNN 
041 0 |a eng  |a vie 
082 1 4 |a 428.0076  |2 21  |b BR-M 
100 1 |a Broukal, Milada. 
245 1 0 |a TOEFL reading flash 2002 /  |c Milada Broukal ; Giới thiệu và chú giải: Lê Huy Lâm. 
246 3 1 |a TOEFL reading flash 2002. 
260 |a Tp.HCM :  |b Nxb Tp.HCM,  |c 2004. 
300 |a 175 p. ;  |c 23,5 cm. 
440 0 |a Tài liệu luyện thi TOEFL. 
520 3 |a Types of reading comprehension questions; Reading comprehension practice tests. 
630 0 4 |a Anh ngữ. 
630 0 4 |a English language. 
630 0 4 |a TOEFL. 
630 0 4 |a Reading. 
650 0 4 |a English language  |x Study and teaching. 
700 1 |a Lê Huy Lâm,  |e giới thiệu và chú giải. 
OWN |a LNN 
902 |a TKA 
AVA |a UDN50  |b LNN  |c English  |e available  |t Error 5001 Not defined in file expand_doc_bib_avail.  |f 3  |g 0  |h N  |i 0  |j AN 
999 |a From the UDN01 
AVA |a UDN50  |b LNN  |c English  |e available  |t Error 5001 Not defined in file expand_doc_bib_avail.  |f 3  |g 0  |h N  |i 0  |j AN 
TYP |a Monograph 
TYP |a Printed language 
980 |a Mạng thư viện Đại học Đà Nẵng